Retrofitting and improving the energy efficiency of your home (Record no. 122136)

MARC details
000 -LEADER
fixed length control field 01158nam a22002177a 4500
008 - FIXED-LENGTH DATA ELEMENTS--GENERAL INFORMATION
fixed length control field 250407s2025 xxk|||||o|||| 00| 0 eng d
041 ## - LANGUAGE CODE
Language code of text/sound track or separate title eng
110 ## - MAIN ENTRY--CORPORATE NAME
Corporate author Royal Institution of Chartered Surveyors
245 ## - TITLE STATEMENT
Title Retrofitting and improving the energy efficiency of your home
Subtitle : a consumer guide
260 ## - PUBLICATION INFORMATION
Place of publication London,
Publisher Royal Institution of Chartered Surveyors,
Date April 2025
490 ## - SERIES TITLE
Series statement RICS Consumer Guide
520 ## - ABSTRACT
Abstract This guide has been prepared by surveying professionals who, whilst having a deep understanding of the technology and data, have managed to translate their learning into simple measures on how to occupy our homes more efficiently, alongside helpful signposting to where guidance and funding may be available.
520 ## - ABSTRACT
Abstract Replaces 'a clear impartial guide to reducing carbon in your home'
650 ## - KEYWORDS
Keywords DECARBONISATION
650 ## - KEYWORDS
Keywords RETROFITTING
651 ## - SUBJECT ADDED ENTRY--GEOGRAPHIC NAME
Geographic name United Kingdom
690 ## - BROAD SUBJECT
9 (RLIN) 6266
Broad subject Residential property
710 ## - ADDED CORPORATE NAME
Added corporate author Royal Institution of Chartered Surveyors
856 ## - ONLINE RESOURCE
Uniform Resource Identifier <a href="https://www.rics.org/consumer-guides/retrofitting-improving-energy-efficiency-home.html">https://www.rics.org/consumer-guides/retrofitting-improving-energy-efficiency-home.html</a>
Public note Available on RICS.org
942 ## - ADDED ENTRY ELEMENTS (KOHA)
Suppress in OPAC Do not suppress in OPAC
Holdings
Lost status Damaged status Not for loan Home library Current library Shelving location Date acquired Total Checkouts Date last seen Price effective from Koha item type
      Virtual Virtual Online 07/04/2025   07/04/2025 07/04/2025 Online material